[Event "Challenge"]
[Site "http://www.queenalice.com/game.php?id=61965"]
[Date "2006.4.8"]
[Round "-"]
[White "Zoraida"]
[Black "whatani"]
[Result "1-0"]
[WhiteElo "1686"]
[BlackElo "1346"]

1. e4 d5 2. e5 Nh6 3. d4 Qd7 4. Bxh6 f6 5. Bf4 fxe5 6. Bxe5 e6 7. Nf3 Qa4 8.
Nbd2 a5 9. Bxc7 e5 10. Bxe5 b5 11. Bd3 Qb4 12. b3 Nd7 13. O-O a4 14. Re1 axb3
15. Bd6+ Kd8 16. Bxb4 1-0

[Event "Challenge"]
[Site "http://www.queenalice.com/game.php?id=62352"]
[Date "2006.4.10"]
[Round "-"]
[White "whatani"]
[Black "Frank"]
[Result "0-1"]
[WhiteElo "1385"]
[BlackElo "1678"]

1. Nh3 e5 2. Ng5 Qxg5 3. d4 Qf5 4. dxe5 Bc5 5. Qd5 Qxf2+ 6. Kd1 Qd4+ 7. Qxd4
Bxd4 8. Bg5 Bxb2 9. Nd2 Bxa1 10. e4 Bxe5 11. h4 d6 0-1

[Event "Challenge"]
[Site "http://www.queenalice.com/game.php?id=62354"]
[Date "2006.4.10"]
[Round "-"]
[White "pattmenezes"]
[Black "whatani"]
[Result "0-1"]
[WhiteElo "863"]
[BlackElo "1348"]

1. d4 d5 2. e3 Qd6 3. Bb5+ c6 4. Nf3 Qb4+ 5. Qd2 Qxb5 6. Nc3 Qc4 7. Na4 Qxa4 8.
O-O Bf5 9. Ng5 f6 10. Nf7 Kxf7 11. a3 Bxc2 12. e4 Na6 13. b4 Rd8 14. Ra2 dxe4
15. Rxc2 c5 16. Rxc5 h5 17. Rc8 Rxc8 18. Qf4 Rh6 19. Re1 Rg6 20. Rxe4 Rg4 21.
Qd2 Rc2 22. Qd3 Rxc1+ 23. Re1 Rxe1+ 24. Qf1 Rxf1+ 25. Kxf1 Qd1# 0-1

[Event "AUTO-OPEN-249"]
[Site "http://www.queenalice.com/game.php?id=62410"]
[Date "2006.4.10"]
[Round "1"]
[White "whatani"]
[Black "J_Ricardo"]
[Result "0-1"]
[WhiteElo "1474"]
[BlackElo "1254"]

1. h4 Nf6 2. Rh3 Nc6 3. d4 d5 4. h5 h6 5. Qd3 Bxh3 6. Qxh3 e6 7. g3 Nxd4 8. e3
Nxc2+ 9. Kd2 Nxa1 10. Qg4 Nxg4 11. Bb5+ c6 12. Ba4 Nxf2 0-1

[Event "AUTO-OPEN-249"]
[Site "http://www.queenalice.com/game.php?id=62411"]
[Date "2006.4.10"]
[Round "1"]
[White "J_Ricardo"]
[Black "whatani"]
[Result "1-0"]
[WhiteElo "1320"]
[BlackElo "1379"]

1. e4 d5 2. e5 Qd7 3. d4 f6 4. Nf3 fxe5 5. Nxe5 Qa4 6. Qf3 Qa5+ 7. Bd2 Qa4 8.
Qf7+ Kd8 9. Qxf8+ Qe8 10. Qxg7 Nf6 11. Nf7+ Kd7 12. Nxh8 Nc6 13. c3 b5 14. Bxb5
Kd6 15. Bf4+ Kd7 16. O-O Bb7 17. Bg5 Qxh8 18. Qf7 Qe8 19. Qg7 Qf7 20. Qxf7 a6
21. Bxf6 Re8 22. Bxc6+ Bxc6 23. Re1 Kd8 24. Bxe7+ Rxe7 25. Qxe7+ 1-0

[Event "AUTO-OPEN-249"]
[Site "http://www.queenalice.com/game.php?id=62412"]
[Date "2006.4.10"]
[Round "1"]
[White "whatani"]
[Black "ragdoll"]
[Result "0-1"]
[WhiteElo "1373"]
[BlackElo "1497"]

1. Nf3 d5 2. Ng5 e5 3. d4 h6 4. dxe5 hxg5 5. Qd4 Rh4 6. g3 Rxd4 7. Nc3 Nc6 8. h4
Nb4 9. e3 Nxc2+ 10. Ke2 Rb4 11. Rb1 Qe7 12. Bd2 Qxe5 13. Rc1 Bf5 14. g4 Bxg4+
15. f3 Bf5 16. f4 gxf4 17. Bg2 Nd4+ 18. Kd1 fxe3 19. Be1 Bg4+ 20. Ne2 Bxe2# 0-1

[Event "AUTO-OPEN-249"]
[Site "http://www.queenalice.com/game.php?id=62413"]
[Date "2006.4.10"]
[Round "1"]
[White "ragdoll"]
[Black "whatani"]
[Result "1-0"]
[WhiteElo "1386"]
[BlackElo "1500"]

1. e4 d5 2. Bd3 dxe4 3. Bxe4 Be6 4. Bxb7 Qd6 5. Bxa8 Bc4 6. d3 Bb5 7. Nc3 Qe6+
8. Nge2 g5 9. Nxb5 h5 10. Nxc7+ Kd7 11. Nxe6 Kxe6 12. Nd4+ Kf6 13. Qd2 g4 14.
Qg5# 1-0

[Event "Challenge"]
[Site "http://www.queenalice.com/game.php?id=65324"]
[Date "2006.4.24"]
[Round "-"]
[White "Alan"]
[Black "whatani"]
[Result "1-0"]
[WhiteElo "1430"]
[BlackElo "1348"]

1. e4 d5 2. exd5 Qxd5 3. Nc3 Qe5+ 4. Be2 g5 5. Nf3 Qd6 6. d4 g4 7. Ne5 Nf6 8.
Bf4 Nd5 9. Nxd5 Qxd5 10. O-O Rg8 11. Bc4 Qa5 12. Bxf7+ Kd8 13. Bxg8 Nc6 14.
Nxc6+ bxc6 15. d5 Qxd5 16. Bxd5 cxd5 17. Qxd5+ Ke8 18. Qh5+ 1-0

[Event "Challenge"]
[Site "http://www.queenalice.com/game.php?id=65325"]
[Date "2006.4.24"]
[Round "-"]
[White "kqrpnb"]
[Black "whatani"]
[Result "1-0"]
[WhiteElo "1268"]
[BlackElo "1418"]

1. e4 d5 2. exd5 Qxd5 3. Nc3 Qe5+ 4. Be2 h5 5. Nf3 Qd6 6. O-O Rh6 7. d4 Rg6 8.
Ne5 c5 9. Nxg6 fxg6 10. Nb5 Qd5 11. Nc7+ Kd7 12. Nxd5 Nf6 13. dxc5 e6 14. Nb6+
Kc6 15. Bf3+ Kxc5 16. Be3+ Kb5 17. c4+ 1-0